03172nam a2200265Ia 4500003000400000005001700004008004100021020001800062040000700080041001200087082001800099100003000117245008700147260007600234300000700310365001300317520228000330650003002610650002202640700003602662906004802698942001202746999001902758952012902777OSt20250725100831.0210423s1996 xx 000 0 und d a9780198290612 cAL aEnglish a307.72 bBALH aJean Marie Baland9101949 aHalting degradation of natural resourcesb: is there a role for rural communities? aNew YorkbFood and Agriculture Organization of the United Nationsc1996 bHB b500cINR aThis wide-ranging book, based on a report to the Food and Agriculture Organization of the United Nations, bridges the gap between the enormous amount of empirical literature documenting efforts at managing local-level resources and the quickly growing body of theoretical knowledge dealing with natural resource management. By building a unifying framework, the authors aim to better define the conditions of success or failure of various forms of resource management at the village level. Contrary to a common view according to which mismanagement of such resources is to be ascribed to direct users falling prey to the Tragedy of the Commons', they convincingly argue that there are other important potential explanations, such as lack of awareness about ecological effects of human activities, poverty and heavy discounting of future income streams, uncertainty over future property rights and prices of natural products, and availability of more attractive income opportunities. Moreover, even when mismanagement practices obviously result from strategic interactions among users, many anthropological writings have pointed at crucial aspects that are bypassed by the characterization in terms of the classical Prisoner's Dilemma. Among these aspects, problems of leadership, co-ordination, and heterogeneity are given special emphasis in this book. The theoretical analysis specifies the various economic conditions (such as the extent of resource scarcity and market penetration, the size of user communities, and the nature of different parties' interests in the resource) and social considerations (such as the state of interpersonal communication, the frequency of interactions, the type of leadership, and the extent of mutual trust) under which these problems can possibly be overcome by local user groups. Stress is then laid on the global context within which user groups operate, including the nature and the forms of state intervention and the effects of increasing market integration. To date, this context has generally been uncongenial to community-based resource management; therefore, the authors recommend that, whenever a co-management approach is feasible, the concrete institutional form adopted is tailored to the specific features of local cultures. aRural Communities9101950 aSociology9101951 aPlatteau, Jean Philippe9220013 adegradation ; Halting ; natural ; resources 2ddccBK c171827d171827 001040708MSWaSACPGbSACPGd2001-08-30eBook Worldg500.00l0o307.72 BALHpPG018356r2022-08-24 00:00:00w2021-04-26yBK